Batman Actors Quiz Stats

 Plays Quiz Updated Jun 4, 2019

Score 0/6 Timer 02:00
18 Plays Today
Role Actor % Correct
Batman and RobinGeorge Clooney
91.9%
Batman Begins, The Dark Knight, and The Dark Knight RisesChristian Bale
90.5%
Batman, Batman ReturnsMichael Keaton
83.1%
Batman TV Series (1960s), Batman (1966)Adam West
81.8%
Batman ForeverVal Kilmer
81.6%
Batman v Superman: Dawn of JusticeBen Affleck
67.6%

You're not logged in!

Compare scores with friends on all Sporcle quizzes.
OR
Log In

Sporcle TV

Today on Sporcle TV


Watch our educational content, quiz creation guides, and fun videos on Sporcle TV.

Show Comments

Extras

Top Quizzes Today


Score Distribution

Your Account Isn't Verified!

In order to create a playlist on Sporcle, you need to verify the email address you used during registration. Go to your Sporcle Settings to finish the process.

Report this User

Report this user for behavior that violates our Community Guidelines.

Details: